000 00396nam a22001697a 4500
005 20160629164935.0
008 160629b xxu||||| |||| 00| 0 eng d
020 _a978-93-80027-69-2
041 _aeng
082 _b12866
100 _aSharma, Neelam
_93097
245 _aR R C Design & Drawing
260 _bKatson
_c2012
300 _a420
650 _aDiploma Engineering
_9817
942 _cBK
999 _c4760
_d4758